LIBRARY & INFORMATION CENTRE, KCAET, TAVANUR

ONLINE PUBLIC ACCESS CATALOGUE (OPAC)

ULTRASOUND ASSISTED EXTRACTION OF THEOBROMINE FROM COCOA BEAN SHELL (Record no. 17720)

MARC details
000 -LEADER
fixed length control field 00446nam a22001457a 4500
003 - CONTROL NUMBER IDENTIFIER
control field OSt
082 ## - DEWEY DECIMAL CLASSIFICATION NUMBER
Classification number 664
Item number FAR
088 ## - REPORT NUMBER
Report number 582
100 ## - MAIN ENTRY--AUTHOR NAME
Personal name FARHANA SHIRIN
-- MUBASHIR.K P
-- SAJEER.K
-- UMMUL ASNA.K
-- VISHNU PRASAD J R
245 ## - TITLE STATEMENT
Title ULTRASOUND ASSISTED EXTRACTION OF THEOBROMINE FROM COCOA BEAN SHELL
260 ## - PUBLICATION, DISTRIBUTION, ETC. (IMPRINT)
Place of publication TAVANUR
Name of publisher DEPARTMENT OF PROCESSING AND FOOD ENGINEERING
Year of publication 2023
300 ## - PHYSICAL DESCRIPTION
Number of Pages 73
700 ## - ADDED ENTRY--PERSONAL NAME
Personal name SREEJA. R (GUIDE)
942 ## - ADDED ENTRY ELEMENTS (KOHA)
Koha item type Project Report
Holdings
Collection code Home library Current library Full call number Accession Number Koha item type
Reference KAUAET KAUAET 664 FAR P 582 Project Report
free website counter